Social Development Issues Alternative Approaches to Global Human Needs

Detalles Bibliográficos
Formato: eBook
Lenguaje:inglés
Publicado: Chicago: Lyceum Books, 2016 -
Materias:
Acceso en línea:Acceso restringido

MARC

LEADER 00000nam a22000007a 4500
005 20191022230029.0
007 cr|||| ||||
008 191022c20169999us zn|w s|||| 0|||b1eng d
022 |a 0147-1473 
035 |a 23397 
040 |a vLex 
090 |c 9937  |d 9937 
245 0 0 |a Social Development Issues  |h [Recurso electrn̤ico] :  |b Alternative Approaches to Global Human Needs 
256 |a Servicio en ln̕ea 
260 |a Chicago:  |b Lyceum Books,  |c 2016 - 
300 |a 1 recurso electrn̤ico 
310 |a Irregular 
506 1 |a Disponible solo en los productos indicados  |d vLex Global  |d vLex Global (Academic Edition, excluding Law Schools)  |d vLex Global (Academic Edition, Law Schools) 
650 0 4 |a Ciencias sociales  |z Estados Unidos 
740 0 |a vLex Revistas (Servicio en ln̕ea) 
856 4 0 |u http://vlex.com/source/social-development-issues-alternative-approaches-to-global-human-needs-23397  |z Acceso restringido 
942 |c REV 
999 0 |a Social Sciences